|
|
|
|
| LEADER |
00000nam a2200000 a 4500 |
| 001 |
UCI0853 |
| 003 |
CL-VaPUC |
| 008 |
070601e19760000SP |||||||||||||||||spa|d |
| 020 |
|
|
|a 8420004472
|
| 082 |
0 |
4 |
|a 633
|b CHA
|2 21
|
| 100 |
0 |
|
|a Chapman, Stephen R
|e author
|9 520999
|
| 700 |
0 |
|
|a Carter, Lark P
|e author
|9 521000
|
| 245 |
1 |
0 |
|a Producción agrícola: principios y prácticas
|
| 300 |
|
|
|a 572 p
|
| 942 |
|
|
|c BK
|
| 945 |
|
|
|d 20070601 00:00:00
|a jtorresc
|
| 260 |
|
|
|a Zaragoza
|b Acribia
|c 1976
|
| 650 |
|
0 |
|a Agricultura
|9 255598
|
| 650 |
|
7 |
|a PRODUCTOS AGRICOLAS
|2 CL-VaPUC
|9 338601
|
| 650 |
|
0 |
|a Producción
|9 263680
|
| 650 |
|
0 |
|a Cultivos
|9 264356
|
| 583 |
|
|
|a last modification
|c 20140404 10:50:38
|k Rodrigo Vera
|
| 999 |
|
|
|c 325827
|d 325825
|
| 952 |
|
|
|0 0
|1 0
|4 0
|6 633_000000000000000_CHA_1976
|7 0
|8 A
|9 407194
|a BIBAGR
|b BIBAGR
|d 2019-11-22
|i 4344413
|o 633 CHA 1976
|p 4344413
|r 2025-01-20
|w 2019-11-22
|y BK
|k AGR
|